000 00482nam a2200169Ia 4500
003 GCL
008 140319s9999 xx 000 0 eng d
040 _aGCL /
_cGCL
082 0 4 _a780.92
_bS M
100 1 _aSTRAUS, JOSPH NATHE
245 1 0 _aTHE MUSIC OF RUTH CRAWFORD SEEGER /
_cSTRAUS, JOSPH NATHE
260 _a[S.N] :
_bCAMBRIDGE UNIVERSITY PRESS ،
_c1995
300 _a260
650 0 4 _aCRITICISM AND INTER PRETATION
650 0 4 _aSEEGER RUTH, 1901-1953
942 _2ddc
_cBK
999 _c25517
_d25517